Manual para la capacitación de trabajadores de extensión y Agricultores: (Registro nro. 19813)

Detalles MARC
000 -CABECERA
Campo de control 00836nam a22002417a 4500
005 - FECHA Y HORA DE LA ULTIMA TRANSACCION
Campo de control 20180803170421.0
008 - ELEMENTOS DE LONGITUD FIJA—INFORMACION GENERAL
Campo de control 170908b2003 it ||||| |||| 00| 0 spa d
020 ## - ISBN
ISBN 9253046325
040 ## - FUENTE DE CATALOGACIÓN
Agencia catalogadora original CO-BoIAVH
Agencia transcriptora CO-BoIAVH
041 ## - IDIOMA
Código de idioma para texto/pista de sonido o título separado Español
044 ## - PAÍS DE PUBLICACIÓN
País de publicación Italia
082 ## - NUMERO DE CLASIFICACION DECIMAL DEWEY
Número de clasificación 630.92
Número del ítem F21m
110 ## - ASIENTO PRINCIPAL--NOMBRE CORPORATIVO
Nombre corporativo o de jurisdicción como elemento de entrada FAO
9 (RLIN) 9451
245 10 - MENCION DE TITULO
Título Manual para la capacitación de trabajadores de extensión y Agricultores:
Parte restante del título alternativas al bromuro de metilo para la fumigación de los suelos
260 ## - PUBLICACION, DISTRIBUCION, ETC. (PIE DE IMPRENTA)
Lugar de publicación, distribución, etc. Roma Italia:
Nombre del editor, distribuidor, etc. FAO,
-- PNUMA.,
Fecha de publicación, distribución, etc. 2003.
300 ## - DESCRIPCION FISICA
Extensión 74 páginas
650 14 - ASIENTO SECUNDARIO DE MATERIA - TERMINO TEMATICO
Término temático o nombre geográfico como elemento de entrada Agricultores
Subdivisión de forma Escuelas de campo
9 (RLIN) 84151
650 14 - ASIENTO SECUNDARIO DE MATERIA - TERMINO TEMATICO
Término temático o nombre geográfico como elemento de entrada Agricultores
Subdivisión de forma Capacitación
9 (RLIN) 84152
650 14 - ASIENTO SECUNDARIO DE MATERIA - TERMINO TEMATICO
Término temático o nombre geográfico como elemento de entrada Alternativas no químicas
Subdivisión de forma Alternativas químicas
9 (RLIN) 84153
650 14 - ASIENTO SECUNDARIO DE MATERIA - TERMINO TEMATICO
Término temático o nombre geográfico como elemento de entrada Malezas
Subdivisión de forma Evaluación
9 (RLIN) 84154
650 14 - ASIENTO SECUNDARIO DE MATERIA - TERMINO TEMATICO
Término temático o nombre geográfico como elemento de entrada Agrosistemas
Subdivisión de forma Análisis
9 (RLIN) 84155
942 ## - ELEMENTOS ADICIONALES (KOHA)
Sistema de clasificación Dewey Decimal Classification
Tipo de ítem Libro
Existencias
Withdrawn status Lost status Sistema de Clasificación Damaged status No para préstamo Colección Inventariado Ubicación Permanente Ubicación actual Fecha de adquisición Fuente de Valor Valor Total Checkouts Número topográfico Inventario / Código de Barras Date last seen Ejemplar Price effective from Forma de adquisición Tipo de material
    Dewey Decimal Classification     General Inventariado 2017 Bogotá Bogotá 08/09/2017 Instituto 15000.00   LB-630.92 F21m 015933 08/09/2017 Ej.1 08/09/2017 Donación Libro